000 00815nam a2200217 a 4500
001 000039093
003 DO-SdBNP
005 20260305073959.0
008 100212s1992 dr a 000 0 spa d
040 _aDO-SdBNP
_bspa
_cBNPHU
082 _aR 860.9729303
_bG377d,
100 1 _aGerón, Candido,
_d1948-
_93577
245 1 0 _aDiccionario de autores dominicanos 1492-1992 /
_cCándido Gerón ; prólogo Joaquín Balaguer.
260 _aSanto Domingo :
_bAlfa y Omega,
_c1992.
300 _a395 p. :
_bil., retrs. ;
_c31 cm.
504 _aIncluye referencias bibliográficas e índice de autores.
650 1 4 _aAutores dominicanos
_xBiografías
_y1492-1992
_vDiccionarios
_965307
651 1 4 _aRepública Dominicana
_xBibliografías
_y1492-1992
_965308
910 _aValidado. Control de calidad MFF
942 _2ddc
_cLBS1
999 _c38583
_d38583